| 000 | 01154nam a2200301Ia 4500 | ||
|---|---|---|---|
| 003 | PE SENCICO BE | ||
| 005 | 20251020182438.0 | ||
| 008 | 200515s9999 xx 000 0 und d | ||
| 020 | _a956-14-0333-1 | ||
| 040 |
_aPE SENCICO BE _cPE SENCICO BE |
||
| 041 | _aspa | ||
| 082 |
_a516 _bA68 2000 |
||
| 100 | 1 |
_aArenas D., Fernando _93189 _eautor |
|
| 245 | 1 | 0 |
_aGeometría elemental / _cFernando Arenas D., Gonzale Masjuan T., Felipe Villanueva M. |
| 250 | _a3a ed. | ||
| 260 |
_aSantiago : _bPontificia Universidad Católica de Chile ; _c2000 |
||
| 300 |
_a408 páginas : _bdiagramas ; _c25 cm. |
||
| 490 | _aColección textos universitarios | ||
| 504 | _aBibliografía: p. 408 | ||
| 505 | 0 | _aNociones geométricas previas, congruencia -- Áreas de figuras -- La circunferencia -- Proporcionalidad y semejanza -- División aurea y polígonos regulares -- Nociones de geometría espacial. | |
| 650 | 1 | 0 |
_aGeometría plana _91020 |
| 650 | 2 | 0 |
_aGeometría _921 |
| 650 | 2 | 0 |
_aPolígonos _93141 |
| 650 | 2 | 0 |
_aMatemáticas _92106 |
| 700 | 1 |
_93190 _aMasjuán T., Gonzalo _eautor |
|
| 700 | 1 |
_93191 _aVillanueva M., Felipe _eautor |
|
| 942 |
_cLIB _2ddc |
||
| 999 |
_c451 _d451 |
||